000 00249nam a2200109Ia 4500
008 190216s9999||||xx |||||||||||||| ||und||
100 _aKrishna Iyer
245 0 _aMaking Of History
260 _bSurjeet Pubs.Delhi
650 _aHistory
942 _cBK
999 _c19137
_d19137